مكتبة جامعة عجلون الوطنية

فهرس بحث المكتبة

Normal view MARC view
  • Computer games- Programming

Entry Topical Term

Number of records used in: 1

001 - CONTROL NUMBER

  • control field: 6594

003 - CONTROL NUMBER IDENTIFIER

  • control field: JO-AjAnu

005 - DATE AND TIME OF LATEST TRANSACTION

  • control field: 20230606071352.0

008 - FIXED-LENGTH DATA ELEMENTS

  • fixed length control field: 230606|| aca||aabn | a|a d

040 ## - CATALOGING SOURCE

  • Original cataloging agency: JO-AjAnu
  • Transcribing agency: JO-AjAnu

150 ## - HEADING--TOPICAL TERM

  • Topical term or geographic name entry element: Computer games- Programming

670 ## - SOURCE DATA FOUND

  • Source citation: Work cat.: (JO-AjAnu)3417: BorromeoK,Nicolas Alejandro , author 6593, Hands-On Unity 2021 Game Development: Create, customize, and optimize your own professional games from scratch with Unity 2021